000 00851cam a2200241 a 4500
001 000011797
005 20200929162553.0
008 820210s1974 sp 000 0 spa
020 _a8471560836
040 _aDO-SdBNP
_bspa
_cBNPHU
082 _a467.987
_bR813b
100 1 _aRosenblat, Ángel,
_d1902-1984.
_927920
245 1 0 _aBuenas y malas palabras en el castellano de Venezuela /
_cÁngel Rosenblat ; prólogo de Mariano Picón-Salas.
250 _a4a ed.
260 _aMadrid, (España) :
_bEditorial Mediterráneo,
_c1974.
300 _av. ;
_c19 cm.
490 1 _aColección de bolsillo EDIME
_v66
500 _aLa biblioteca posee el v. 2-3
650 4 _aEspañol
_zVenezuela.
_927921
650 4 _aRegionalismo
_zVenezuela
_927922
700 1 _aPicón-Salas, Mariano,
_epról.
_927923
830 0 _aColección de bolsillo EDIME
_n66
_927924
999 _c11471
_d11471